[Event "Let's Play Chess!"]
[Site "http://www.queenalice.com/game.php?id=736579"]
[Date "2010.2.24"]
[Round "-"]
[White "specktro"]
[Black "Misteranderson"]
[Result "1-0"]
[WhiteElo "1482"]
[BlackElo "1477"]

1. d4 b5 2. e4 Ba6 3. Qf3 Nf6 4. e5 Nc6 5. Nc3 Nxd4 6. Qd3 c5 7. a4 Qa5 8. exf6
bxa4 9. Qe4 Nc6 10. Rxa4 Qc7 11. fxg7 Bxg7 12. Rxa6 Bxc3+ 13. Ke2 Qb7 14. Kd1
Qb4 15. Bc4 Bxb2 16. Rxc6 Qb7 17. Bd5 Rc8 18. Rxc8+ Qxc8 19. Bxb2 Qb8 20. Bxh8
Qb1+ 21. Kd2 Qb4+ 22. Qxb4 cxb4 23. Nf3 a5 24. Ra1 e6 25. Bb7 d5 26. Rxa5 f5 27.
Bc8 Ke7 28. Ra6 Kd8 29. Rc6 e5 30. Bxe5 h5 31. Ng5 Ke8 32. Rc7 Kd8 33. Ne6+ Ke8
34. Bb7 h4 35. Bc6# 1-0

[Event "Let's Play Chess!"]
[Site "http://www.queenalice.com/game.php?id=736755"]
[Date "2010.2.24"]
[Round "-"]
[White "dandahud"]
[Black "Misteranderson"]
[Result "1-0"]
[WhiteElo "1459"]
[BlackElo "1474"]

1. e4 Nf6 2. Nc3 d5 3. Bb5+ Bd7 4. d3 Bxb5 5. Nxb5 dxe4 6. d4 a6 7. Nc3 Nc6 8.
d5 Ne5 9. Bf4 Ned7 10. Qd4 c5 11. Qe3 e6 12. d6 Qb8 13. O-O-O b6 14. f3 exf3 15.
Qxf3 Ra7 16. g4 Qb7 17. g5 Ng8 18. h4 Qxf3 19. Nxf3 f6 20. Rhe1 Kf7 21. b3 fxg5
22. Nxg5+ Ke8 23. Rxe6+ Kd8 24. Nf7+ Kc8 25. Re8+ Kb7 26. Rd8 Ngf6 27. Nxh8 Ra8
28. Rxa8 Kxa8 29. Nd5 Nxd5 30. Rxd5 Kb7 31. Nf7 Kc6 32. c4 b5 33. Ne5+ Nxe5 34.
Bxe5 Bxd6 35. Rxd6+ Kb7 36. Rd7+ Kb6 37. Rxg7 h6 38. Rg6+ Ka5 39. Bc3+ b4 40.
Be5 h5 41. Bc7# 1-0

[Event "Challenge"]
[Site "http://www.queenalice.com/game.php?id=757029"]
[Date "2010.4.6"]
[Round "-"]
[White "Misteranderson"]
[Black "specktro"]
[Result "0-1"]
[WhiteElo "1461"]
[BlackElo "1735"]

1. a4 c5 2. Ra3 Nc6 3. h4 e6 4. Rhh3 d5 5. h5 Nh6 6. Nf3 e5 7. Nc3 Bxh3 8. gxh3
c4 9. Ra1 e4 10. Ng1 Qg5 11. Nf3 exf3 12. exf3 Qxh5 13. Nb5 Qe5+ 14. Be2 Bd6 15.
d4 Qf6 16. a5 a6 17. Nc3 Qf5 18. Bf1 Nb4 19. Qe2+ Be7 20. Kd1 Qf6 21. Qe5 Qxf3+
22. Qe2 Qh1 23. Bxh6 gxh6 24. Ke1 Rd8 25. Ra4 b5 26. Rxb4 Rd7 27. Qe5 Rg8 28.
Qb8+ Rd8 29. Qe5 Rg1 30. Qe2 Kf8 31. Na2 Re8 32. b3 Bxb4+ 33. c3 Rxe2+ 34. Kxe2
Bxa5 35. Nc1 Qe4+ 36. Kd2 Rxf1 37. f3 Qe1+ 38. Kc2 Qxc1# 0-1

[Event "DESAFIO FODÃO"]
[Site "http://www.queenalice.com/game.php?id=770960"]
[Date "2010.5.5"]
[Round "1"]
[White "Misteranderson"]
[Black "Nelsonbento"]
[Result "0-1"]
[WhiteElo "1457"]
[BlackElo "1478"]

1. Nf3 d5 2. Nd4 e5 3. Nf3 e4 4. Nd4 Qf6 5. c3 c5 6. Qa4+ Bd7 7. Nb5 Bxb5 8.
Qxb5+ Nd7 9. Qxb7 Rb8 10. Qxa7 Bd6 11. Na3 Ne7 12. Qa4 Qf5 13. e3 O-O 14. Nb5
Ra8 15. Qd1 Be5 16. g4 Qe6 17. d4 Bf6 18. Nc7 Qc6 19. Nxa8 Qxa8 20. dxc5 Nxc5
21. b4 Na4 22. Rb1 Nxc3 23. Qc2 Nxb1 24. Qxb1 Ng6 25. Rg1 Nh4 26. Be2 d4 27. g5
Be5 28. h3 f5 29. Qb3+ Rf7 30. f4 Bxf4 31. exf4 Nf3+ 32. Bxf3 exf3 33. Kf2 Qe4
34. g6 hxg6 35. Rxg6 Qe2+ 36. Kg3 Qg2+ 37. Kh4 Qxg6 38. Qxf3 Kh7 39. Qh5+ Qxh5+
40. Kxh5 Ra7 41. a3 d3 42. Kg5 Rc7 43. Bd2 g6 44. a4 Rc2 45. Be1 Rg2+ 46. Kf6
Kh6 47. Ke5 Re2+ 48. Kd4 Rxe1 49. Kxd3 Kh5 50. Kc4 Re4+ 51. Kb5 Rxf4 52. a5 Rd4
53. a6 f4 54. a7 Rd8 55. Kb6 Ra8 56. Kb7 Rxa7+ 57. Kxa7 f3 58. b5 f2 59. b6 f1=Q
60. b7 Qf7 61. Ka8 Qd5 62. Ka7 Qxb7+ 63. Kxb7 Kh4 64. Kc6 Kxh3 65. Kd5 g5 66.
Ke4 g4 67. Ke3 Kh2 68. Kf2 g3+ 69. Kf1 g2+ 70. Ke2 g1=Q 71. Kd2 Qd4+ 72. Ke2 Kg2
73. Ke1 Kf3 74. Kf1 Qf2# 0-1

[Event "The Ruin of Zion"]
[Site "http://www.queenalice.com/game.php?id=775679"]
[Date "2010.5.14"]
[Round "-"]
[White "Misteranderson"]
[Black "Diogolopes"]
[Result "1-0"]
[WhiteElo "1442"]
[BlackElo "1007"]

1. Nf3 Nc6 2. c3 e5 3. Qa4 g6 4. Qe4 Nf6 5. Qe3 d5 6. Nxe5 Qe7 7. d4 Ng4 8. Nxg4
Bxg4 9. h3 Bf5 10. g4 Be4 11. f3 Bxb1 12. Rxb1 Na5 13. Qe5 f6 14. Qxd5 Nc6 15.
Qb5 Qd6 16. Qxb7 Qg3+ 17. Kd1 Rd8 18. Qxc6+ Rd7 19. Qxf6 Qd6 20. Qxh8 Rf7 21.
Qe5+ Re7 22. Qb5+ Kd8 23. Qb8+ Kd7 24. Qxf8 c5 25. Qf4 Qa6 26. a3 Qa4+ 27. b3
Qc6 28. dxc5 Qd5+ 29. Qd2 Kc6 30. Qxd5+ Kxd5 31. b4 Kc4 32. Bd2 Re6 33. e3+ Kd5
34. e4+ Kc6 35. b5+ Kxc5 36. Be3+ Kd6 37. Bf4+ Ke7 38. Bg5+ Kf7 39. Bc4 h6 40.
Bxh6 Kf6 41. Bxe6 Kxe6 42. b6 axb6 43. Rxb6+ Kf7 44. Bg5 Kg7 45. Rb7+ Kf8 46.
Bh6+ Ke8 47. h4 Kd8 48. Bf4 Kc8 49. Rc7+ Kd8 50. h5 Ke8 51. hxg6 Kf8 52. g7+ Kg8
53. Rh8# 1-0

[Event "Misteranderson"]
[Site "http://www.queenalice.com/game.php?id=780113"]
[Date "2010.5.24"]
[Round "-"]
[White "foda"]
[Black "Misteranderson"]
[Result "0-1"]
[WhiteElo "1462"]
[BlackElo "1444"]

1. e4 Nf6 2. e5 Nd5 3. Bc4 Nb6 4. b3 a5 5. Qf3 d5 6. Bd3 a4 7. c4 axb3 8. c5
bxa2 9. Nc3 Nc4 10. Nxd5 Nxe5 11. Qe3 Qxd5 12. Be4 Qd7 13. Bb2 Nc4 14. Qc3 Nxd2
15. c6 bxc6 16. Qxd2 Qxd2+ 17. Kxd2 Ra4 18. Nf3 Rxe4 19. Ng5 Ra4 20. Rhe1 h6 21.
Re4 Ra8 22. Rd4 hxg5 23. Rd1 a1=Q 24. Bxa1 Ra2+ 25. Kc1 Rxa1+ 26. Kb2 Rxd1 27.
Rxd1 Rxh2 28. Rg1 g6 29. f3 Bg7+ 30. Kc1 Bd4 31. Rd1 Be3+ 0-1

[Event "DESAFIO FODÃO"]
[Site "http://www.queenalice.com/game.php?id=796391"]
[Date "2010.6.29"]
[Round "3"]
[White "fredpoa"]
[Black "Misteranderson"]
[Result "1-0"]
[WhiteElo "1520"]
[BlackElo "1491"]

1. e4 Nf6 2. d3 a5 3. e5 Nd5 4. Nf3 g6 5. c4 Nb4 6. a3 N4c6 7. Be2 a4 8. O-O Na5
9. Qxa4 h5 10. b4 b6 11. bxa5 bxa5 12. Ng5 Nc6 13. Bf3 Ra6 14. Bxc6 dxc6 15. Bb2
Qxd3 16. e6 f6 17. Rd1 Qe2 18. Nd2 Bh6 19. Nge4 Rf8 20. Re1 Qd3 21. Qb3 Qd6 22.
Nxd6+ Kd8 23. Nf7+ Rxf7 24. exf7 a4 25. Qd3+ Bd7 26. Rad1 f5 27. Re6 Rb6 28. Ba1
c5 29. Nf3 Rd6 30. Qc3 Rxd1+ 31. Re1 Rxe1+ 32. Nxe1 Be8 33. Qh8 Kd7 34. fxe8=Q+
Ke6 35. Qxh6 f4 36. Qexg6+ Kd7 37. Qd3+ Kc8 38. Qh8+ Kb7 39. Qd7 Kb6 40. Bc3 Kb7
41. Qxa4 Kb6 42. Qb5+ Ka7 43. Qhb8# 1-0

[Event "Challenge"]
[Site "http://www.queenalice.com/game.php?id=801592"]
[Date "2010.7.10"]
[Round "-"]
[White "santosborb"]
[Black "Misteranderson"]
[Result "0-1"]
[WhiteElo "1324"]
[BlackElo "1481"]

1. e4 Nf6 2. Nc3 Nc6 3. Nf3 a5 4. Bc4 a4 5. d3 b6 6. Bg5 Ba6 7. Bxa6 Rxa6 8. O-O
a3 9. Rb1 h6 10. Bf4 g5 11. Bc1 axb2 12. Bxb2 Nb4 13. a3 Nc6 14. e5 Nh5 15. Nh4
gxh4 16. Qxh5 e6 17. Rfe1 Rg8 18. Re3 Qg5 19. Qxg5 Rxg5 20. Ne4 Rg6 21. d4 d6
22. exd6 cxd6 23. Nd2 d5 0-1

[Event "Challenge"]
[Site "http://www.queenalice.com/game.php?id=817163"]
[Date "2010.8.12"]
[Round "-"]
[White "lucca"]
[Black "Misteranderson"]
[Result "0-1"]
[WhiteElo "1232"]
[BlackElo "1482"]

1. e4 Nf6 2. e5 Ne4 3. d3 Nc5 4. d4 Ne6 5. d5 Nc5 6. b4 Nca6 7. b5 Nc5 8. Ba3
Na4 9. c4 Nb6 10. c5 Nxd5 11. Qxd5 c6 12. bxc6 dxc6 13. Qxd8+ Kxd8 14. Nc3 Nd7
15. f4 g6 16. Bc4 Ke8 17. O-O-O e6 18. Ne4 b5 19. Bb3 Bg7 20. Nd6+ Ke7 0-1

[Event "Challenge"]
[Site "http://www.queenalice.com/game.php?id=817164"]
[Date "2010.8.12"]
[Round "-"]
[White "Misteranderson"]
[Black "lucca"]
[Result "1-0"]
[WhiteElo "1476"]
[BlackElo "1238"]

1. Nf3 d5 2. c3 Nc6 3. Nd4 Nxd4 4. cxd4 e6 5. Qa4+ Bd7 6. Qb3 b6 7. a4 a5 8. e3
Nf6 9. Bb5 c6 10. Bd3 Bd6 11. h4 h5 12. Nc3 Be7 13. Qd1 Ng4 14. e4 dxe4 15. Nxe4
f5 16. Ng3 Bxh4 17. Nf1 Bxf2+ 18. Ke2 Bxd4 19. Ng3 Nf2 20. Qf1 1-0

[Event "SEU PIRU VERSUS CHAPOLIM"]
[Site "http://www.queenalice.com/game.php?id=819963"]
[Date "2010.8.18"]
[Round "-"]
[White "Nelsonbento"]
[Black "Misteranderson"]
[Result "0-1"]
[WhiteElo "1527"]
[BlackElo "1488"]

1. g4 Nf6 2. e3 Ne4 3. Bg2 Ng5 4. h4 Ne6 5. b4 Na6 6. a3 g6 7. Bb2 Bg7 8. Bxg7
Nxg7 9. d4 d6 10. d5 h5 11. Qd4 e5 12. Qe4 hxg4 13. f3 f5 14. Qd3 gxf3 15. Nxf3
e4 16. Qd4 Kf8 17. Ng5 Rh5 18. Bxe4 fxe4 19. Rf1+ Nf5 20. Rxf5+ gxf5 21. Nc3
Rxh4 22. Ne6+ Bxe6 23. dxe6 Rh1+ 24. Kd2 Rxa1 25. Nd5 Qh4 26. e7+ Kf7 27. Qxa1
Qh2+ 28. Kc3 Qh8+ 29. Kc4 Qxa1 30. b5 Qxa3 31. bxa6 Qa2+ 32. Kd4 Qa4+ 33. c4
Qa1+ 34. Nc3 c5+ 35. Kd5 Qxc3 36. axb7 Rb8 37. Kxd6 Rxb7 38. Kxc5 Kxe7 39. Kd5
Rd7+ 40. Kc5 Qxe3+ 41. Kb4 Qb6+ 42. Kc3 Rd3+ 43. Kc2 Qb3+ 44. Kc1 Qxc4+ 45. Kb2
Qc3+ 46. Kb1 Rd1+ 47. Ka2 Ra1# 0-1

[Event "Faces da Morte"]
[Site "http://www.queenalice.com/game.php?id=826368"]
[Date "2010.9.1"]
[Round "-"]
[White "Misteranderson"]
[Black "Diogolopes"]
[Result "1-0"]
[WhiteElo "1506"]
[BlackElo "1129"]

1. Nc3 c6 2. b4 b5 3. a4 Na6 4. Ba3 d5 5. axb5 cxb5 6. Nxb5 Qb6 7. Nc3 d4 8. Nd5
Qd6 9. c4 Bd7 10. Rb1 Rc8 11. e3 Rxc4 12. Bxc4 Qc6 13. d3 dxe3 14. fxe3 e6 15.
b5 Qc8 16. bxa6 Bxa3 17. Nc3 Bc6 18. Nb5 Bxg2 19. Nxa7 Qd7 20. Rb8+ Ke7 21. Nb5
Bc5 22. d4 Bb4+ 23. Kf2 Bxh1 24. Qb1 Ba5 25. Nf3 f6 26. Qxh1 e5 27. Qa1 Bd8 28.
Qa3+ Ke8 29. a7 e4 30. a8=Q exf3 31. Qe4+ Ne7 32. Nd6+ Kf8 33. Qxf3 Nc6 34. Nc8+
Ne7 35. Nxe7 Qc7 36. Nc6+ Ke8 37. Qe4+ Kd7 38. Qe6# 1-0

[Event "REUNIÃO MALDITA"]
[Site "http://www.queenalice.com/game.php?id=826899"]
[Date "2010.9.2"]
[Round "1"]
[White "Misteranderson"]
[Black "Tal0n"]
[Result "0-1"]
[WhiteElo "1502"]
[BlackElo "1704"]

1. Nc3 e5 2. Nf3 Nc6 3. Ne4 d5 4. Nc3 Bf5 5. g3 Nb4 6. Nxe5 Nxc2+ 7. Qxc2 Bxc2
8. e3 d4 9. Nb5 a6 10. Nxd4 Qd5 11. Nef3 Be4 12. Bg2 c5 13. Ne2 Bxf3 14. Bxf3
Qxf3 15. Rg1 O-O-O 16. h4 c4 17. a4 Nf6 18. Nd4 Qe4 19. a5 Rxd4 20. Kd1 Qf3+ 21.
Ke1 Ne4 22. Rf1 Bb4 23. exd4 Nxd2 24. Bxd2 Re8# 0-1

[Event "Demon Attak"]
[Site "http://www.queenalice.com/game.php?id=830286"]
[Date "2010.9.9"]
[Round "-"]
[White "Misteranderson"]
[Black "Diogolopes"]
[Result "0-1"]
[WhiteElo "1494"]
[BlackElo "1157"]

1. a4 d5 2. Nc3 Nf6 3. Nf3 Ne4 4. Na2 g5 5. d3 Nd6 6. Bxg5 f6 7. Bd2 b5 8. a5 c5
9. Nc3 d4 10. Nb1 c4 11. Nxd4 e5 12. Nf3 e4 13. Ng1 f5 14. Bc3 Rg8 15. dxc4 Nxc4
16. Qxd8+ Kxd8 17. Bf6+ Be7 18. Bxe7+ Kxe7 19. b3 Ne5 20. Nc3 a6 21. Nd5+ Kd7
22. Nb6+ Kc6 23. Nxa8 Nbd7 24. g3 Bb7 25. Nb6 Nxb6 26. axb6 Kxb6 27. c4 Kc5 28.
f4 Ng4 29. Nh3 e3 30. Rg1 Kb4 31. Bg2 Bc8 32. Rh1 a5 33. cxb5 Kxb5 34. Bf3 h6
35. Rc1 Be6 36. Bc6+ Kb4 37. Rd1 Rc8 38. Ba4 Bxb3 39. Rd4+ Bc4 40. Bd1 a4 41.
Kf1 a3 42. Kg2 a2 43. Bc2 Kc3 44. Rdd1 Bb3 45. Bxb3 Kxb3 46. Rd5 Rc2 47. Rb5+
Kc4 48. Rxf5 Kd4 49. Kf3 Nxh2+ 50. Kg2 Rxe2+ 51. Nf2 Rxf2+ 52. Kh3 e2 53. Re5
Kd3 54. Rd5+ Kc2 55. Rc5+ Kd2 56. Rd5+ Ke3 57. Ra5 Rf1 58. Rxh2 a1=Q 59. Rxa1
Rxa1 60. Kg2 e1=Q 61. Rxh6 Qg1+ 62. Kh3 Qh1+ 63. Kg4 Qxh6 64. f5 Ra4# 0-1

[Event "Challenge"]
[Site "http://www.queenalice.com/game.php?id=832810"]
[Date "2010.9.14"]
[Round "-"]
[White "RafaelCabral"]
[Black "Misteranderson"]
[Result "1-0"]
[WhiteElo "2009"]
[BlackElo "1508"]

1. e4 Nf6 2. e5 Nd5 3. c4 Nb6 4. d4 d5 5. c5 N6d7 6. e6 Nf6 7. exf7+ Kxf7 8. Nf3
Bg4 9. Ne5+ Ke8 10. Nxg4 Nxg4 11. Qxg4 h5 12. Qg6+ Kd7 13. g3 Rh6 14. Bxh6 gxh6
15. Bh3+ e6 16. Qxe6# 1-0

[Event "Challenge"]
[Site "http://www.queenalice.com/game.php?id=832811"]
[Date "2010.9.14"]
[Round "-"]
[White "RafaelCabral"]
[Black "Misteranderson"]
[Result "1-0"]
[WhiteElo "1979"]
[BlackElo "1506"]

1. e4 Nf6 2. e5 Ng8 3. d4 c6 4. f4 Qa5+ 5. c3 c5 6. d5 Nh6 7. Bd3 d6 8. Nf3 Bg4
9. Nbd2 Bxf3 10. Qxf3 Ng8 11. Nc4 Qd8 12. O-O h5 13. Re1 Qd7 14. e6 fxe6 15.
Rxe6 Rh6 16. Nxd6+ Kd8 17. Nf7+ Ke8 18. Nxh6 gxh6 19. Qxh5+ Kd8 20. Qf7 Nf6 21.
Qxf8+ Qe8 22. Qxh6 Ng4 23. Qh4 Nf6 24. d6 Qh5 25. dxe7+ Ke8 26. Qxf6 Qf7 27. Bg6
Nc6 28. Qxf7+ Kd7 29. e8=Q# 1-0

[Event "Challenge"]
[Site "http://www.queenalice.com/game.php?id=833300"]
[Date "2010.9.15"]
[Round "-"]
[White "RafaelCabral"]
[Black "Misteranderson"]
[Result "1-0"]
[WhiteElo "1965"]
[BlackElo "1504"]

1. e4 Nf6 2. e5 Ng8 3. Bc4 d5 4. exd6 Qxd6 5. Nf3 Qc5 6. d3 b5 7. Bb3 a5 8. Be3
Qc6 9. Bxf7+ Kd8 10. Nc3 Be6 11. Nd4 Qd7 12. Nxe6+ Kc8 13. Nxf8 Qf5 14. Be6+
Qxe6 15. Nxe6 g6 16. Nd5 Na6 17. Qg4 Kb7 18. Qd4 Nf6 19. Ndxc7 Nxc7 20. Qb6+ Kc8
21. Qxc7# 1-0

[Event "REUNIÃO MALDITA"]
[Site "http://www.queenalice.com/game.php?id=845868"]
[Date "2010.10.14"]
[Round "2"]
[White "Diogolopes"]
[Black "Misteranderson"]
[Result "1-0"]
[WhiteElo "1343"]
[BlackElo "1465"]

1. e4 Nf6 2. d3 d5 3. exd5 Nxd5 4. c4 Nf6 5. f4 Bg4 6. Qb3 Nc6 7. Qxb7 Nd4 8.
Kd2 Qb8 9. Qa6 Qb4+ 10. Nc3 Nd7 11. h3 Nb8 12. Qa4+ Qxa4 13. Nxa4 Bf5 14. g4 Bd7
15. Kc3 Bxa4 16. Kxd4 Nc6+ 17. Ke4 Rd8 18. b3 Rd4+ 19. Ke3 Bxb3 20. axb3 Rd6 21.
Ra6 Re6+ 22. Kf2 h5 23. Bg2 Kd7 24. f5 Rd6 25. c5 Rxd3 26. Bxc6+ Kc8 27. Rxa7
Rxb3 28. Ne2 e5 29. Ba4 Bxc5+ 30. Kg2 Rb4 31. Ra8+ Rb8 32. Ra5 Bd6 33. Kf3 hxg4+
34. Kxg4 f6 35. Ra7 g5 36. Nc3 Rh4+ 37. Kg3 e4+ 38. Kg2 Bc5 39. Nd5 Bxa7 40.
Ne7+ Kb7 41. Bd2 e3 42. Rb1+ Bb6 43. Bc6+ Ka6 44. Ra1+ Ba5 45. Bxa5 Rb2+ 46. Kg3
e2 47. Bxc7+ 1-0

[Event "REUNIÃO MALDITA"]
[Site "http://www.queenalice.com/game.php?id=875229"]
[Date "2010.12.22"]
[Round "3"]
[White "Nelsonbento"]
[Black "Misteranderson"]
[Result "1-0"]
[WhiteElo "1520"]
[BlackElo "1444"]

1. Nf3 Nc6 2. d4 d5 3. Nc3 e6 4. Bf4 Bb4 5. a3 Bxc3+ 6. bxc3 Na5 7. Bg5 f6 8.
Bf4 Nc4 9. Qd3 a6 10. e4 Nb2 11. Qe2 Na4 12. Nd2 Nxc3 13. Qe3 Nxe4 14. f3 Nxd2
15. Qxd2 c6 16. h4 h5 17. Bd3 f5 18. Bg5 Qb6 19. c3 Qc7 20. Qe3 Qg3+ 21. Qf2
Qxf2+ 22. Kxf2 g6 23. c4 b5 24. cxd5 cxd5 25. Rhc1 Bb7 26. Rc7 Rb8 27. Rg7 Kf8
28. Rxg6 Kf7 29. Re1 Kxg6 30. Rxe6+ Kf7 31. Bxf5 Bc8 32. Re5 Bxf5 33. Rxf5+ Ke6
34. g4 hxg4 35. fxg4 Rc8 36. h5 Rc2+ 37. Ke1 Rc1+ 38. Bxc1 Rh7 39. Re5+ Kd6 40.
Re8 Re7+ 41. Rxe7 Kxe7 42. Bg5+ Kf7 43. Kf2 Kg7 44. Kf3 Nh6 45. Kf4 a5 46. Bd8
b4 47. axb4 axb4 48. Ba5 b3 49. Bc3 Nf7 50. g5 Nd6 51. Ke5 Nf7+ 52. Kf5 Nd6+ 53.
Ke6 Nb5 54. Bb2 Nc7+ 55. Kf5 Kh8 56. Kg6 Ne6 57. h6 Nf4+ 58. Kf5 Nd3 59. Bc3 b2
60. Bxb2 Nxb2 61. g6 Nc4 62. Ke6 Ne3 63. Kf7 Ng4 64. g7+ Kh7 65. g8=Q+ Kxh6 66.
Qg6# 1-0

[Event "Challenge"]
[Site "http://www.queenalice.com/game.php?id=887050"]
[Date "2011.1.16"]
[Round "-"]
[White "NeeneNY"]
[Black "Misteranderson"]
[Result "1-0"]
[WhiteElo "1398"]
[BlackElo "1431"]

1. d4 Na6 2. e4 Nb4 3. c3 Nc6 4. Nf3 d5 5. e5 Bg4 6. Bb5 Bxf3 7. gxf3 a6 8. Ba4
b5 9. Bb3 a5 10. a4 Rb8 11. Nd2 Nh6 12. f4 e6 13. axb5 Rxb5 14. Ba4 Rb6 15. Nf3
Be7 16. Bc2 Qb8 17. Qe2 Na7 18. Rb1 Nf5 19. b4 Nc6 20. Ba4 Bxb4 21. cxb4 axb4
22. Bd2 Ra6 23. Qxa6 Ne7 24. O-O Kf8 25. Rfc1 Qb6 26. Qa8+ Qb8 27. Qa6 Qa7 28.
Qb5 Qb6 29. Qxb6 cxb6 30. Bxb4 f6 31. Bxc6 Kf7 32. Bxe7 Kxe7 33. Rxb6 Kf7 34.
Nh4 g5 35. Rb7+ Kg8 36. Bxd5 h5 37. Rc8# 1-0